Design of equilibrium stage processes (Record no. 13251)

000 -LEADER
fixed length control field 00589nam a22002171 4500
001 - CONTROL NUMBER
control field 13251
003 - CONTROL NUMBER IDENTIFIER
control field BD-DhUET
008 - FIXED-LENGTH DATA ELEMENTS--GENERAL INFORMATION
fixed length control field 740517s1963 nyua b 000 0 eng
020 ## - INTERNATIONAL STANDARD BOOK NUMBER
International Standard Book Number 070586373
040 ## - CATALOGING SOURCE
Original cataloging agency DLC
Transcribing agency OAkU
Modifying agency BD-DhUET
082 ## - DEWEY DECIMAL CLASSIFICATION NUMBER
Classification number 660.28422
Item number SMI/1963
100 1# - MAIN ENTRY--PERSONAL NAME
Personal name Smith, Buford D.
245 10 - TITLE STATEMENT
Title Design of equilibrium stage processes
250 ## - EDITION STATEMENT
Edition statement 1st ed.
260 ## - PUBLICATION, DISTRIBUTION, ETC. (IMPRINT)
Place of publication, distribution, etc. New York
Name of publisher, distributor, etc. McGraw-Hill
Date of publication, distribution, etc. 1963
300 ## - PHYSICAL DESCRIPTION
Extent 647 p.
Other physical details ill.
Dimensions 24 cm.
490 ## - SERIES STATEMENT
Series statement McGraw-Hill chemical engineering series
504 ## - BIBLIOGRAPHY, ETC. NOTE
Bibliography, etc Includes bibliographies
650 #0 - SUBJECT ADDED ENTRY--TOPICAL TERM
Topical term or geographic name as entry element Chemical equilibrium
942 ## - ADDED ENTRY ELEMENTS (KOHA)
Koha item type General Book
Holdings
Koha date last seen Shelving location Not for loan Location (home branch) Sublocation or collection (holding branch) Price effective from Koha normalized classification for sorting Withdrawn status Copy number Koha item type Damaged status Lost status Piece designation (barcode) Koha full call number Date acquired Source of classification or shelving scheme
2015-03-02Circulation section Central Library, BUETCentral Library, BUET2015-03-02660_284220000000000_SMI_1963 1General Book  34954660.28422/SMI/19632015-03-02 
2015-03-03Circulation section Central Library, BUETCentral Library, BUET2015-03-03660_284220000000000_SMI_1963 2General Book  29845660.28422/SMI/19632015-03-03 
2015-03-03Circulation section Central Library, BUETCentral Library, BUET2015-03-03660_284220000000000_SMI_1963 3General Book  29841660.28422/SMI/19632015-03-03 
2015-03-03Circulation section Central Library, BUETCentral Library, BUET2015-03-03660_284220000000000_SMI_1963 4General Book  29847660.28422/SMI/19632015-03-03 
2015-03-03Circulation section Central Library, BUETCentral Library, BUET2015-03-03660_284220000000000_SMI_1963 5General Book  29853660.28422/SMI/19632015-03-03 
2015-03-03Circulation section Central Library, BUETCentral Library, BUET2015-03-03660_284220000000000_SMI_1963 6General Book  29843660.28422/SMI/19632015-03-03 
2015-03-03Circulation section Central Library, BUETCentral Library, BUET2015-03-03660_284220000000000_SMI_1963 7General Book  29844660.28422/SMI/19632015-03-03 
2015-03-03Circulation section Central Library, BUETCentral Library, BUET2015-03-03660_284220000000000_SMI_1963 8General Book  29840660.28422/SMI/19632015-03-03 
2015-03-03Circulation section Central Library, BUETCentral Library, BUET2015-03-03660_284220000000000_SMI_1963 9General Book  34955660.28422/SMI/19632015-03-03 
2015-05-11Circulation section Central Library, BUETCentral Library, BUET2015-05-11660_284220000000000_SMI_1963 10General Book  11477660.28422/SMI/19632015-05-11 
2015-05-11Circulation section Central Library, BUETCentral Library, BUET2015-05-11660_284220000000000_SMI_1963 11General Book  29846660.28422/SMI/19632015-05-11 
2015-05-11Circulation section Central Library, BUETCentral Library, BUET2015-05-11660_284220000000000_SMI_1963 12General Book  34953660.28422/SMI/19632015-05-11 
2015-05-11Circulation section Central Library, BUETCentral Library, BUET2015-05-11660_284220000000000_SMI_1963 13General Book  18836660.28422/SMI/19632015-05-11 
2015-05-11Circulation section Central Library, BUETCentral Library, BUET2015-05-11660_284220000000000_SMI_1963 14General Book  29854660.28422/SMI/19632015-05-11 
2015-05-11Circulation section Central Library, BUETCentral Library, BUET2015-05-11660_284220000000000_SMI_1963 15General Book  29856660.28422/SMI/19632015-05-11 
2015-05-19Circulation section Central Library, BUETCentral Library, BUET2015-05-19660_284220000000000_SMI_1963 16General Book  29848660.28422/SMI/19632015-05-19 
2015-06-18Reading section Central Library, BUETCentral Library, BUET2015-06-18660_284220000000000_SMI_1963 17Reading Item  6449660.28422/SMI/19632015-06-18